[Event "FRA-ch Youth U14 2018"]
[Site "Agen"]
[Date "2018.04.16"]
[Round "3"]
[White "Bacrot, Alexandre"]
[Black "Mahieu, Luc"]
[Result "1/2-1/2"]
[WhiteElo "2180"]
[BlackElo "1831"]
[Annotator "TA"]
[PlyCount "104"]
[EventDate "2018.??.??"]
[EventType "swiss"]
[EventCountry "FRA"]
[SourceTitle "playchess.com"]
[Source "ChessBase"]
[SourceQuality "1"]

{[%evp 15,104,-19,-26,-72,-56,-62,-47,-53,-47,-36,0,-20,0,-9,62,10,11,0,16,15,31,22,31,37,110,86,107,71,102,95,93,80,77,74,87,91,102,97,106,100,122,104,133,116,118,111,125,114,129,117,139,129,121,114,153,140,140,141,141,104,108,97,97,101,105,99,116,39,176,0,37,33,31,0,0,0,27,34,39,0,0,0,0,0,0,0,0,0,0,0,0]} 1. e4 c5 2. Nf3 d6 3. Nc3 Nf6 4. e5 dxe5 5. Nxe5 a6 6. a4 Qc7 7. Nc4 {B50: Sicilian: 2...d6, Miscellaneous} Nc6 8. d3 Be6 {LiveBook: 5 Games} (8... Nd4 9. Ne2 Nxe2 10. Bxe2 Bf5 11. Bf3 Rd8 12. Bd2 b6 13. Qe2 e6 14. Bc3 Nd7 {1-0 (22) Mamedov,R (2688)-Wojtaszek,R (2749) Tallinn 2016}) 9. Ne3 {Black has an edge.} g6 10. g3 Bg7 $146 ({Predecessor:} 10... h5 11. h4 Rd8 12. Bd2 Bg7 13. Bg2 O-O 14. O-O Qd7 {0-1 (29) Wittmann,W (2302)-Carlsson,P (2478) Rijeka 2010}) 11. Bg2 O-O 12. O-O Rfd8 13. Ne2 Nd4 14. Nf4 Rac8 ({Black should play} 14... Bd7 $11) 15. Bd2 (15. Nxe6 $14 Nxe6 16. a5) 15... Bd7 $11 16. Nfd5 Nxd5 17. Nxd5 Qd6 $1 18. Ba5 Re8 19. Nb6 Rb8 (19... Qc7 $14) 20. Nc4 Qf6 21. Bc7 $36 {[%mdl 2048] Keeping Black busy.} Rbc8 22. Be5 Qe6 23. Bxg7 Kxg7 24. Bxb7 Bc6 25. Bxc6 Qxc6 26. f4 Rb8 27. Rf2 Nf5 28. Qf1 Nd6 29. Ne5 Qd5 30. b3 f6 31. Nf3 Nf5 32. Re1 Nd4 33. Qg2 Rb6 34. Re4 Rd6 35. Nxd4 cxd4 36. Rfe2 e6 37. Qh3 h5 38. Qf1 a5 39. h3 Rh8 40. Qe1 {[%cal Re4e6]} Kf7 41. b4 (41. Rg2 $16) 41... Ra8 (41... axb4 $14 42. Qxb4 Ra8) 42. bxa5 $2 {[#]} (42. b5 $18) 42... Rxa5 43. Qb4 Ra7 44. Qb8 Ra8 45. Qb4 Ra7 46. Kh2 Rb7 47. Qa3 Rb1 {[#] aiming for ...Rc6.The position is equal.} 48. Re1 Rdb6 49. a5 Rxe1 50. Rxe1 Qf3 {( -> ...Qf2+)} 51. Rg1 Rc6 52. Qb2 h4 {Precision: White = 60%, Black = 45%.} 1/2-1/2

[Event "FRA-ch Youth U14 2018"]
[Site "Agen"]
[Date "2018.04.16"]
[Round "3"]
[White "Popov, Konstantin"]
[Black "Sere, Nicolas"]
[Result "1-0"]
[WhiteElo "2150"]
[BlackElo "1603"]
[Annotator "TA"]
[PlyCount "79"]
[EventDate "2018.??.??"]
[EventType "swiss"]
[EventCountry "FRA"]
[SourceTitle "playchess.com"]
[Source "ChessBase"]
[SourceQuality "1"]

{[%evp 19,79,0,0,0,0,0,0,0,-6,-22,-6,-55,0,-14,0,0,11,-16,0,-12,-12,-12,-12,-8,-10,-32,-27,-28,-30,-11,-22,-29,0,-8,8,0,5,4,10,4,7,8,10,12,28,37,33,26,54,48,45,49,46,60,68,27,36,43,38,36,1222,1191]} 1. e4 c5 2. Nf3 {[%cal Bg1f3,Bf3d4,Bd4b5,Bb5d6][%mdl 32]} e6 3. d4 cxd4 4. Nxd4 Nf6 5. Nc3 Nc6 6. Ndb5 Bc5 7. Nd6+ {B45: Sicilian Four Knights} (7. Bf4 O-O 8. Bc7 Qe7 9. Bd6 Bxd6 10. Qxd6 Qd8 11. O-O-O a6 12. Nd4 Qb6 13. e5 Ng4 14. Nxc6 bxc6 15. Bd3 {½-½ (66) Jakovenko,D (2730)-Pridorozhni,A (2571) Khanty-Mansiysk 2017}) 7... Ke7 8. Bf4 e5 9. Nf5+ Kf8 10. Be3 Bb4 {LiveBook: 4 Games} 11. a3 Bxc3+ $1 12. bxc3 {Black must now prevent Nd6.} d5 13. exd5 Nxd5 14. Bc5+ Kg8 15. Ne3 $146 (15. Bc4 {keeps more tension.} Bxf5 16. Bxd5 Qf6 17. Qf3 Rc8 18. O-O) 15... Nxc3 (15... Qa5 $1 $15 16. Nxd5 Qxc5) 16. Qxd8+ $11 Nxd8 17. Bb4 Ne4 18. Bb5 (18. f3 {looks sharper.} Nf6 19. Bc3 Nc6 20. Rb1 b6 21. Rd1) 18... Be6 19. Rd1 Nc6 20. Bxc6 bxc6 21. f3 Nf6 22. c4 h6 23. Rd6 Rc8 24. Kf2 Kh7 25. Rhd1 Rc7 26. Ba5 Rd7 27. Rxc6 Rxd1 28. Nxd1 e4 29. Ne3 exf3 30. gxf3 Rb8 31. Bc3 Nh5 32. Be5 Rd8 33. Ke2 Nf6 34. Bxf6 gxf6 $14 {[%mdl 4096] Endgame KRB-KRN} 35. c5 {[%cal Bc4c5,Bc5c6][%mdl 32]} Rb8 36. Rd6 Rb2+ 37. Kd3 (37. Rd2 $5 {[%cal Rd2b2]} Rb3 38. a4 $14) 37... Rb3+ 38. Kd4 {And now c6 would win.} Rxa3 39. c6 {Hoping for Rxe6!} Ra1 $2 {[%mdl 8192] [#]} (39... Ra4+ $14 40. Kc5 Ra5+ 41. Kb4 Rg5) 40. Rxe6 $1 {[%mdl 512] Precision: White = 71%, Black = 53%.} 1-0

[Event "FRA-ch Youth U14 2018"]
[Site "Agen"]
[Date "2018.04.16"]
[Round "3"]
[White "Ciccoli, Theo"]
[Black "Thiery, Leo"]
[Result "1-0"]
[WhiteElo "2126"]
[BlackElo "1547"]
[Annotator "TA"]
[PlyCount "129"]
[EventDate "2018.??.??"]
[EventType "swiss"]
[EventCountry "FRA"]
[SourceTitle "playchess.com"]
[Source "ChessBase"]
[SourceQuality "1"]

{[%evp 20,128,12,0,52,49,45,19,70,71,81,68,65,73,91,93,106,105,109,53,72,65,77,62,65,37,63,47,82,80,86,75,109,68,180,185,164,171,166,174,165,174,164,160,175,161,180,131,134,126,134,118,1556,1537,1277,1326,1326,1315,1302,1289,5788,5714,12834,12836,12835,12833,12843,12839,12839,12840,29979,29980,29979,12842,29985,29985,29985,29986,29987,29987,29987,29988,29988,29989,29990,29990,29990,29991,29991,29992,29992,29993,29993,29994,29994,29995,29995,29996,29997,29996,29996,29996,29997,29997,29997,29998,29998,29998,29999,29999,29999]} 1. d4 Nf6 2. Nf3 e6 3. e3 b6 4. Bd3 Bb7 5. O-O Be7 6. c4 O-O 7. Nc3 d5 8. b3 c5 9. Bb2 Nc6 10. Rc1 Rc8 {E14: Queen's Indian: Classical Variation (4 e3)} (10... cxd4 11. exd4 Rc8 12. Re1 dxc4 13. bxc4 Bd6 14. a3 Ne7 15. Ne4 Ng6 16. d5 Nxe4 17. Bxe4 Bf4 18. Rc3 f5 19. Bc2 exd5 20. cxd5 Rxc3 21. Bxc3 Bxd5 {½-½ (43) Sambuev,B (2524)-Debashis,D (2495) Vrachati 2013}) 11. cxd5 {LiveBook: 3 Games} exd5 ({Better is} 11... Nxd5 $11 12. Nxd5 Qxd5) 12. Bf5 Ra8 {White is slightly better.} 13. Qd2 $146 ({Predecessor:} 13. Ne5 cxd4 14. Nxc6 Bxc6 15. Qxd4 Bc5 16. Qh4 g6 17. Na4 Ne4 18. Qh6 {1-0 (32) Kucera,P (2143)-Lamser,J (2187) Czechia 2008}) 13... cxd4 (13... g6 $11 14. Bb1 cxd4 15. exd4 Rc8) 14. Nxd4 $14 Nxd4 15. Qxd4 ({Much weaker is} 15. exd4 $6 g6 $11) 15... Bc5 16. Qh4 Bc8 17. Bb1 h6 18. Rfd1 Be6 {[#]} 19. b4 (19. Nxd5 $1 $16 {[%mdl 512]} Nxd5 (19... Bxd5 20. Bxf6) 20. Qe4) 19... Be7 20. Qd4 Rc8 21. Ne2 Qd7 22. Qd3 Rfd8 23. Nf4 Bg4 24. f3 Be6 25. Rxc8 $40 {[%mdl 128] White goes for the king.} Rxc8 26. Nh5 {Black must now prevent Nxg7!} Qd8 {[#]} (26... Qa4 $14) 27. Nxg7 $1 $18 {[%mdl 512]} Kxg7 28. Qh7+ $1 Kf8 29. Qh8+ Ng8 {aiming for ...Bf6.} 30. Bg7+ Ke8 31. Qxg8+ Kd7 32. Qxd8+ Kxd8 33. a3 h5 34. e4 Ke8 35. Bd3 {Strongly threatening exd5.} dxe4 $2 {[%mdl 8192]} (35... f6 $16) 36. Bb5+ Bd7 37. Bxd7+ Kd8 38. Bxc8+ Kxc8 39. fxe4 a5 40. bxa5 bxa5 41. a4 Bc5+ 42. Kf1 Bb4 43. Rd5 h4 44. Bf6 Kb7 45. Bxh4 Kc6 46. Be1 {Bxb4 would kill now.} f5 47. Rxf5 {White mates.} Bd6 48. h4 Be7 49. Rxa5 Bd8 50. Rd5 Be7 51. h5 Bf6 52. Bb4 Bg7 53. a5 Bf6 54. Rd6+ Kb5 55. Rxf6 Kxb4 {[%mdl 4096] Endgame KR-K} 56. a6 Kc4 57. a7 Kd4 58. a8=Q Ke5 59. Rf5+ Kd4 60. h6 Ke3 61. h7 Kd4 62. h8=Q+ Kc4 63. Qc6+ Kb4 64. Rb5+ Ka3 65. Qa1# {Precision: White = 63%, Black = 38%.} 1-0

[Event "FRA-ch Youth U14 2018"]
[Site "Agen"]
[Date "2018.04.16"]
[Round "3"]
[White "Chemla, Anouk"]
[Black "David, Marie"]
[Result "1-0"]
[WhiteElo "1705"]
[BlackElo "1470"]
[Annotator "NA RC"]
[PlyCount "90"]
[EventDate "2018.??.??"]
[EventType "swiss"]
[EventCountry "FRA"]
[SourceTitle "playchess.com"]
[Source "ChessBase"]
[SourceQuality "1"]
[TimeControl "5400+30"]

1. Nf3 {[%emt 0:00:00]} Nf6 {[%emt 0:00:26]} 2. g3 {[%emt 0:00:00]} g6 {[%emt 0:00:26]} 3. b4 {[%emt 0:00:00]} Bg7 {[%emt 0:00:40]} 4. Bb2 {[%emt 0:00:00]} O-O {[%emt 0:00:32]} 5. c4 {[%emt 0:00:30]} d5 {[%emt 0:03:23]} 6. Na3 {[%emt 0:00:56]} b6 {[%emt 0:15:33]} 7. Bg2 {[%emt 0:01:21]} Bb7 {[%emt 0:00:43]} 8. O-O {[%emt 0:01:36]} Nbd7 {[%emt 0:03:17]} 9. d3 {[%emt 0:06:26]} c5 {[%emt 0:05:02]} 10. b5 {[%emt 0:02:40]} d4 {[%emt 0:03:34]} 11. Nc2 {[%emt 0:05:06]} Qc7 {[%emt 0:03:51]} 12. e4 {[%emt 0:04:50]} dxe3 {[%emt 0:03:31]} 13. Nxe3 {[%emt 0:05:59]} Rad8 {[%emt 0:02:48]} 14. Qc2 {[%emt 0:02:09]} Bxf3 {[%emt 0:16:31]} 15. Bxf3 {[%emt 0:01:14]} Ne5 {[%emt 0:00:27]} 16. Bxe5 {[%emt 0:02:00]} Qxe5 {[%emt 0:00:10]} 17. Rad1 {[%emt 0:02:07]} Qd6 {[%emt 0:01:32]} 18. Rfe1 {[%emt 0:04:04]} Nd7 {[%emt 0:02:19]} 19. Be4 {[%emt 0:18:58]} f5 {[%emt 0:12:19]} 20. Bd5+ {[%emt 0:01:27]} e6 {[%emt 0:00:27]} 21. Nxf5 {[%emt 0:01:27]} Rxf5 {[%emt 0:08:29]} 22. Bxe6+ {[%emt 0:02:41]} Kf8 {[%emt 0:02:20]} 23. Bxf5 {[%emt 0:00:33]} gxf5 {[%emt 0:00:08]} 24. d4 {[%emt 0:06:41]} Bxd4 {[%emt 0:00:41]} 25. Qxf5+ {[%emt 0:00:25]} Qf6 {[%emt 0:00:28]} 26. Qxf6+ {[%emt 0:01:40]} Nxf6 {[%emt 0:00:10]} 27. Kg2 {[%emt 0:02:32]} Kf7 {[%emt 0:02:53]} 28. f4 {[%emt 0:03:22]} Rg8 {[%emt 0:02:44]} 29. Kf3 {[%emt 0:03:14]} Ng4 {[%emt 0:01:40]} 30. Re2 {[%emt 0:00:45]} h5 {[%emt 0:02:26]} 31. Rde1 {[%emt 0:01:39]} Kg7 {[%emt 0:02:24]} 32. h3 {[%emt 0:01:31]} Nf6 {[%emt 0:00:07]} 33. Re7+ {[%emt 0:00:08]} Kh8 {[%emt 0:00:33]} 34. Rxa7 {[%emt 0:00:35]} Rd8 {[%emt 0:01:07]} 35. Ree7 {[%emt 0:01:31]} Bc3 {[%emt 0:01:15]} 36. Rab7 {[%emt 0:05:13]} Ba5 {[%emt 0:01:25]} 37. Rf7 {[%emt 0:01:09]} Rd3+ {[%emt 0:01:04]} 38. Ke2 {[%emt 0:01:19]} Rd2+ {[%emt 0:01:12]} 39. Ke3 {[%emt 0:00:36]} Rd6 {[%emt 0:00:32]} 40. Rf8+ {[%emt 0:01:14]} Ng8 {[%emt 0:00:11]} 41. Rbb8 {[%emt 0:00:41]} Rg6 {[%emt 0:00:32]} 42. Kf3 {[%emt 0:00:46]} Kh7 {[%emt 0:00:38]} 43. g4 {[%emt 0:02:13]} hxg4+ {[%emt 0:00:19]} 44. hxg4 {[%emt 0:00:27]} Bc3 {[%emt 0:00:56]} 45. g5 {[%emt 0:01:19]} Bg7 1-0

[Event "FRA-ch Youth U14 2018"]
[Site "Agen"]
[Date "2018.04.16"]
[Round "3"]
[White "Roger Silan, Milo"]
[Black "Cohen Revivo, Shoham"]
[Result "0-1"]
[WhiteElo "1622"]
[BlackElo "2180"]
[Annotator "TA"]
[PlyCount "94"]
[EventDate "2018.??.??"]
[EventType "swiss"]
[EventCountry "FRA"]
[SourceTitle "playchess.com"]
[Source "ChessBase"]
[SourceQuality "1"]

{[%evp 10,94,32,25,43,-1,43,-27,67,21,13,-8,-6,-4,0,0,12,9,72,41,39,33,118,129,120,20,35,31,36,45,40,8,12,22,16,9,13,0,0,-22,0,-4,17,-19,-21,-75,-51,-140,-143,-125,-116,-164,-164,-164,-164,-164,-164,-164,-164,-164,-164,-164,-164,-343,-364,-356,-147,-341,-356,-371,-272,-264,-259,-535,-387,-1792,-1671,-29944,-29945,-12825,-12827,-5708,-5804,-5646,-4631,-4610,-1162]} 1. d4 e6 2. Bf4 Nf6 3. e3 d5 4. Nd2 Bd6 5. Bg3 (5. Ngf3 O-O 6. Bd3 c5 7. c3 Nc6 8. Bg3 b6 9. e4 Be7 10. e5 Nh5 11. Nf1 cxd4 12. Nxd4 Nxd4 13. cxd4 g6 14. Ne3 f5 15. exf6 Bxf6 16. Be2 Nxg3 17. hxg3 {½-½ (37) Nakamura,H (2787)-Svidler,P (2760) Moscow 2018}) 5... Bxg3 6. hxg3 {LiveBook: 5 Games. D00: 1 d4 d5: Unusual lines} Nbd7 7. Bd3 c5 8. c3 (8. g4 $14) 8... b6 (8... Qb6 $11) 9. Ngf3 Bb7 10. Qe2 Qc7 $146 ({Predecessor:} 10... Ne4 11. O-O-O Qc7 12. Rh4 Nxd2 13. Nxd2 O-O-O 14. Rdh1 {0-1 (26) Cieslak,L (1993)-Volodin,V (2177) Trebic 2013}) 11. e4 dxe4 12. Nxe4 Nxe4 13. Bxe4 O-O-O (13... cxd4 $11 14. Nxd4 Bxe4 15. Qxe4 Qe5 16. Qxe5 Nxe5) 14. O-O-O h6 15. Kb1 c4 {[#]} (15... Bxe4+ $14 16. Qxe4 Kb8) 16. Bxb7+ $1 $16 Kxb7 17. Qe4+ (17. Nd2 $16) 17... Kb8 $11 18. Qf4 Qxf4 19. gxf4 Kc7 20. Ne5 Nxe5 21. fxe5 {[%mdl 4096] Endgame KRR-KRR} b5 22. Kc2 a5 23. g4 Kc6 24. Kd2 Kd5 25. Ke3 Rb8 26. Rb1 b4 27. f3 (27. f4 $11) 27... Rb7 28. b3 (28. Rhc1 $15) 28... Rc8 $17 {Hoping for ...cxb3.} 29. cxb4 axb4 30. bxc4+ Rxc4 31. Rhd1 Ra7 {Threatens to win with ...Ra3+.} 32. Rb2 Ra3+ 33. Kf4 Rcc3 {[%csl Ga3][%cal Rc3f3]} (33... Rxd4+ 34. Rxd4+ Kxd4 35. Rxb4+ Kd5 36. Rb7 $11) 34. Rf1 Kc4 ({Much weaker is} 34... Kxd4 $6 35. Rxb4+ Kd5 36. Rb5+ Kc6 37. Rb8 $11) 35. Rff2 Rd3 ({Inferior is} 35... Kxd4 36. Rxb4+ Rc4 37. Rb7 $11) 36. Rbd2 $2 (36. Kg3 {was called for.}) 36... g5+ $19 (36... Rxd4+ $2 37. Rxd4+ Kxd4 38. Rd2+ Rd3 39. Rb2 $19) 37. Kg3 {[#]} Rxd4 (37... Rxd2 $1 $19 38. Rxd2 Kc3) 38. Rxd4+ $2 (38. Rde2 $17) 38... Kxd4 {KR-KR} 39. Re2 Re3 40. Rb2 Kc4 ({Weaker is} 40... Rxe5 41. Rxb4+ Kc3 42. a3 $17) 41. Rh2 $2 (41. Rc2+ Kb5 42. Rc7) 41... Rxe5 42. Rxh6 $2 (42. Rb2) 42... Re2 43. Rf6 Rxa2 44. Rxf7 b3 {Black is clearly winning.} 45. Rc7+ Kd3 46. Rd7+ Kc2 47. Rc7+ Kb1 {Precision: White = 26%, Black = 53%.} (47... Kd2 $142 48. Rd7+ Kc1) 0-1

[Event "FRA-ch Youth U14 2018"]
[Site "Agen"]
[Date "2018.04.16"]
[Round "3"]
[White "Barbotte, Jeanne"]
[Black "Randrianarimanana, Alicia"]
[Result "1/2-1/2"]
[WhiteElo "1556"]
[BlackElo "1872"]
[Annotator "NA RC"]
[PlyCount "66"]
[EventDate "2018.??.??"]
[EventType "swiss"]
[EventCountry "FRA"]
[SourceTitle "playchess.com"]
[Source "ChessBase"]
[SourceQuality "1"]
[TimeControl "5400+30"]

1. e4 {[%emt 0:00:00]} c5 {[%emt 0:00:04]} 2. Nf3 {[%emt 0:00:00]} d6 {[%emt 0:00:06]} 3. Bb5+ {[%emt 0:03:04]} Bd7 {[%emt 0:00:11]} 4. Bxd7+ {[%emt 0:00:40]} Qxd7 {[%emt 0:00:08]} 5. O-O {[%emt 0:00:34]} g6 {[%emt 0:01:02]} 6. c3 {[%emt 0:01:36]} Nf6 $14 {[%emt 0:11:19] LiveBook: 13 Games} 7. Qe2 {[%emt 0:04:47]} Nc6 {[%emt 0:00:33]} 8. e5 {[%emt 0:09:52]} dxe5 {[%emt 0:03:58]} 9. Nxe5 {[%emt 0:01:04]} Nxe5 {[%emt 0:13:03]} 10. Qxe5 {[%emt 0:00:36]} Rc8 {[%emt 0:00:16]} 11. d4 {[%emt 0:07:27]} cxd4 {[%emt 0:00:59]} 12. cxd4 {[%emt 0:01:54]} Bg7 {[%emt 0:00:30]} 13. Be3 {[%emt 0:11:00]} O-O {[%emt 0:00:24]} 14. Qa5 {[%emt 0:04:19]} a6 {[%emt 0:04:01]} 15. Qd2 {[%emt 0:00:19]} Rfd8 {[%emt 0:06:33]} 16. Nc3 {[%emt 0:08:44]} b5 {[%emt 0:01:01]} 17. a3 {[%emt 0:01:04]} Nd5 {[%emt 0:05:13]} 18. Rad1 {[%emt 0:01:55]} e6 {[%emt 0:24:15]} 19. Ne4 {[%emt 0:05:45]} Nxe3 {[%emt 0:06:36]} 20. fxe3 {[%emt 0:00:51]} f5 {[%emt 0:00:27]} 21. Nc3 {[%emt 0:11:17]} e5 {[%emt 0:03:01]} 22. Ne2 {[%emt 0:13:10]} Rc6 {[%emt 0:03:39]} 23. d5 {[%emt 0:04:36]} Rd6 {[%emt 0:01:59]} 24. Qa5 {[%emt 0:03:42]} Qa7 {[%emt 0:00:27]} 25. Rf3 {[%emt 0:02:08]} e4 {[%emt 0:01:07]} 26. Rh3 {[%emt 0:00:22]} Bxb2 {[%emt 0:02:05]} 27. Rb1 {[%emt 0:00:57]} Qg7 {[%emt 0:00:53]} 28. Qb4 {[%emt 0:01:01]} Be5 {[%emt 0:00:13]} 29. Ng3 {[%emt 0:01:00]} Rxd5 {[%emt 0:01:40]} 30. Qb3 {[%emt 0:00:20]} Bxg3 {[%emt 0:02:02]} 31. Rxg3 {[%emt 0:00:05]} Qf7 {[%emt 0:00:05]} 32. Qc2 {[%emt 0:00:26]} Rd3 {[%emt 0:00:58]} 33. a4 {[%emt 0:01:02]} Qc4 {[%emt 0:00:10]} 1/2-1/2

[Event "FRA-ch Youth U14 2018"]
[Site "Agen"]
[Date "2018.04.16"]
[Round "3"]
[White "Courjal, Pauline"]
[Black "Kuhn, Mathilde"]
[Result "*"]
[WhiteElo "1509"]
[BlackElo "1742"]
[Annotator "NA RC"]
[PlyCount "30"]
[EventDate "2018.??.??"]
[EventType "swiss"]
[EventCountry "FRA"]
[SourceTitle "playchess.com"]
[Source "ChessBase"]
[SourceQuality "1"]
[TimeControl "5400+30"]

1. d4 {[%emt 0:00:00]} Nf6 {[%emt 0:00:12]} 2. c4 {[%emt 0:00:00]} g6 {[%emt 0:00:14]} 3. Nc3 {[%emt 0:00:00]} Bg7 {[%emt 0:00:00]} 4. e4 {[%emt 0:00:00]} d6 {[%emt 0:00:23]} 5. Be2 {[%emt 0:00:03]} O-O {[%emt 0:00:41]} 6. Bg5 {[%emt 0:00:20]} Nbd7 {[%emt 0:01:25]} 7. Nf3 {[%emt 0:01:36]} h6 {[%emt 0:02:43]} 8. Bf4 {[%emt 0:01:39]} c6 {[%emt 0:04:23]} 9. Qd2 {[%emt 0:02:15]} Kh7 {[%emt 0:03:27]} 10. O-O-O {[%emt 0:03:41]} Qa5 {[%emt 0:08:34]} 11. Rdg1 {[%emt 0:10:46]} e5 {[%emt 0:04:46]} 12. dxe5 {[%emt 0:00:31]} dxe5 {[%emt 0:00:34]} 13. Be3 {[%emt 0:05:51]} Ng4 {[%emt 0:06:49]} 14. Ng5+ {[%emt 0:01:50]} hxg5 {[%emt 0:02:31]} 15. Bxg4 {[%emt 0:00:14]} f5 {[%emt 0:02:32]} *

[Event "FRA-ch Youth U14 2018"]
[Site "Agen"]
[Date "2018.04.17"]
[Round "4"]
[White "Cohen Revivo, Shoham"]
[Black "Brouard, Gregoire"]
[Result "1-0"]
[WhiteElo "2180"]
[BlackElo "1955"]
[Annotator "NA"]
[PlyCount "103"]
[EventDate "2018.??.??"]
[EventType "swiss"]
[EventCountry "FRA"]
[SourceTitle "playchess.com"]
[Source "ChessBase"]
[SourceQuality "1"]
[TimeControl "5400+30"]

1. b3 {[%emt 0:00:35]} Nf6 {[%emt 0:00:12]} 2. Bb2 {[%emt 0:00:08]} g6 {[%emt 0:00:09]} 3. Bxf6 {[%emt 0:00:12]} exf6 {[%emt 0:00:06]} 4. c4 {[%emt 0:00:05]} Bg7 {[%emt 0:00:04]} 5. Nc3 {[%emt 0:00:06]} O-O {[%emt 0:00:46]} 6. g3 {[%emt 0:02:10]} d6 {[%emt 0:04:25]} 7. Bg2 {[%emt 0:00:15] LiveBook: 12 Games} Nc6 {[%emt 0:01:35]} 8. d4 {[%emt 0:02:03]} f5 {[%emt 0:02:13]} 9. e3 {[%emt 0:00:07]} Bd7 {[%emt 0:00:22]} 10. Nge2 {[%emt 0:00:06]} a6 {[%emt 0:01:43]} 11. O-O {[%emt 0:00:08]} Rb8 {[%emt 0:01:47]} 12. Rc1 {[%emt 0:03:15]} Na7 {[%emt 0:03:55]} 13. Qc2 $14 {[%emt 0:06:08]} b5 {[%emt 0:07:33]} 14. cxb5 {[%emt 0:00:09]} axb5 {[%emt 0:00:54]} 15. Nd5 {[%emt 0:01:09]} c6 {[%emt 0:04:14]} 16. Nb4 {[%emt 0:00:10]} Qb6 {[%emt 0:01:08]} 17. Nxc6 {[%emt 0:02:26]} Bxc6 {[%emt 0:01:09]} 18. Bxc6 {[%emt 0:00:09]} Rfc8 {[%emt 0:00:10]} 19. d5 {[%emt 0:00:03]} Rc7 {[%emt 0:02:21]} 20. Qd3 {[%emt 0:08:06]} Nxc6 {[%emt 0:02:10]} 21. Rxc6 {[%emt 0:00:08]} Rxc6 {[%emt 0:00:06]} 22. dxc6 {[%emt 0:00:04]} Qxc6 {[%emt 0:00:15]} 23. Rc1 {[%emt 0:00:07]} Qb6 {[%emt 0:02:08]} 24. Nf4 {[%emt 0:00:17]} Be5 {[%emt 0:23:33]} 25. Nd5 {[%emt 0:00:14]} Qa5 {[%emt 0:04:27]} 26. f4 {[%emt 0:04:58]} Bb2 {[%emt 0:02:59]} 27. Ne7+ {[%emt 0:04:08]} Kg7 {[%emt 0:01:02]} 28. Nc6 {[%emt 0:02:14]} Qa3 {[%emt 0:08:59]} 29. Rc2 {[%emt 0:06:51]} Rc8 {[%emt 0:02:58]} 30. Qxb5 {[%emt 0:03:36]} Qxa2 {[%emt 0:01:59]} 31. Qe2 {[%emt 0:02:20]} Qb1+ {[%emt 0:01:22]} 32. Kg2 {[%emt 0:00:06]} Bf6 {[%emt 0:01:11]} 33. b4 {[%emt 0:01:14]} Qb3 {[%emt 0:02:33]} 34. b5 {[%emt 0:03:32]} Qd5+ {[%emt 0:01:22]} 35. Kh3 {[%emt 0:00:15]} h5 {[%emt 0:04:49]} 36. Rd2 {[%emt 0:07:13]} Qe4 {[%emt 0:03:16]} 37. Rxd6 {[%emt 0:08:52]} h4 {[%emt 0:01:11]} 38. Qd3 {[%emt 0:03:35]} g5 {[%emt 0:07:31]} 39. Qxe4 {[%emt 0:01:40]} g4+ {[%emt 0:00:14]} 40. Kg2 {[%emt 0:00:04]} h3+ {[%emt 0:00:04]} 41. Kf2 {[%emt 0:00:12]} fxe4 {[%emt 0:00:05]} 42. b6 {[%emt 0:00:23]} Be7 {[%emt 0:01:55]} 43. b7 {[%emt 0:00:31]} Rc7 {[%emt 0:00:21]} 44. b8=Q {[%emt 0:01:13]} Bxd6 {[%emt 0:00:09]} 45. Qb5 {[%emt 0:00:32]} f6 {[%emt 0:00:36]} 46. Qd5 {[%emt 0:00:21]} Rb7 {[%emt 0:00:31]} 47. Qxd6 {[%emt 0:00:11]} Rb2+ {[%emt 0:00:07]} 48. Ke1 {[%emt 0:00:12]} Rxh2 {[%emt 0:00:42]} 49. Qd7+ {[%emt 0:00:13]} Kh6 {[%emt 0:00:25]} 50. Qxg4 {[%emt 0:01:08]} Rh1+ {[%emt 0:00:22]} 51. Kf2 {[%emt 0:00:15]} h2 {[%emt 0:00:23]} 52. Kg2 {[%emt 0:00:59]} 1-0